[Event "CAN-ch Univeristies"]
[Site "Ottawa CAN"]
[Date "2023.01.28"]
[Round "3"]
[White "Washimkar, Arhant"]
[Black "Zomorrodian, Eilia"]
[Result "1/2-1/2"]
[WhiteElo "1865"]
[BlackElo "2259"]
[PlyCount "92"]
[EventDate "2023.01.27"]
[EventType "swiss"]
[EventRounds "5"]
[EventCountry "CAN"]

1. e4 c5 2. Nf3 e6 3. c3 Nf6 4. Bd3 Nc6 5. Bc2 Qc7 6. O-O d5 7. d3 Be7 8. Bg5
O-O 9. Re1 h6 10. Bh4 dxe4 11. dxe4 e5 12. a4 Be6 13. Qe2 Nh5 14. Bg3 Nxg3 15.
hxg3 a6 16. Nbd2 Rfd8 17. Bb3 Bg4 18. Nf1 Bg5 19. Bxf7+ Kh8 20. Ba2 Rf8 21.
N1h2 Bh5 22. g4 Bf7 23. Bxf7 Rxf7 24. Nxg5 hxg5 25. Nf3 Raf8 26. Nxg5 Rxf2 27.
Rf1 R2f6 28. Ne6 Rxf1+ 29. Rxf1 Rxf1+ 30. Qxf1 Qe7 31. Qf5 Kg8 32. Ng5 Qf6 33.
Qh7+ Kf8 34. Qh5 Ke7 35. Nh3 Na5 36. g5 Qf7 37. g6 Qf6 38. Nf2 Qf4 39. Ng4 Nc4
40. b3 Nd2 41. Qh4+ Kd7 42. Nf6+ Ke6 43. Qxf4 exf4 44. Nh5 Nxe4 45. Nxf4+ Kf5
46. Nd5 Ke5 1/2-1/2

[Event "CAN-ch Univeristies"]
[Site "Ottawa CAN"]
[Date "2023.01.29"]
[Round "4"]
[White "Li, Ruibin"]
[Black "Mullur, Neerav"]
[Result "1-0"]
[WhiteElo "1749"]
[BlackElo "1719"]
[PlyCount "51"]
[EventDate "2023.01.27"]
[EventType "swiss"]
[EventRounds "5"]
[EventCountry "CAN"]

1. Nf3 d5 2. c4 e6 3. b3 Nf6 4. Bb2 c5 5. g3 Nc6 6. Bg2 d4 7. O-O e5 8. e3 Bg4
9. h3 Bh5 10. g4 Bg6 11. exd4 exd4 12. Re1+ Be7 13. Ne5 Nxe5 14. Rxe5 Qc7 15.
f4 h5 16. Qf3 hxg4 17. hxg4 Be4 18. Rxe4 Nxe4 19. Qxe4 O-O-O 20. Na3 a6 21. Rf1
g5 22. d3 gxf4 23. Bc1 f3 24. Bf4 Bd6 25. Qxf3 Rh7 26. Bxd6 1-0

[Event "CAN-ch Univeristies"]
[Site "Ottawa CAN"]
[Date "2023.01.29"]
[Round "4"]
[White "Li, William"]
[Black "Ma, Derek"]
[Result "1-0"]
[WhiteElo "2275"]
[BlackElo "2207"]
[PlyCount "119"]
[EventDate "2023.01.27"]
[EventType "swiss"]
[EventRounds "5"]
[EventCountry "CAN"]

1. e4 c5 2. Nf3 e6 3. d4 cxd4 4. Nxd4 a6 5. Bd3 Qc7 6. O-O Nf6 7. c4 Nc6 8. Be3
Ne5 9. h3 Nxd3 10. Qxd3 b6 11. f4 d6 12. Nc3 Be7 13. Rac1 O-O 14. Rfd1 Re8 15.
Kh1 Nd7 16. b3 Bb7 17. Qb1 Rac8 18. Nf3 Bf6 19. Bd4 Rcd8 20. Bxf6 Nxf6 21. Qd3
d5 22. e5 dxc4 23. Qxc4 Qxc4 24. bxc4 Ne4 25. Nxe4 Bxe4 26. Nd2 Bc6 27. Nb3 Ba4
28. Kg1 Kf8 29. Kf2 Ke7 30. Ke3 f6 31. Rxd8 Rxd8 32. Nd4 g5 33. exf6+ Kxf6 34.
fxg5+ Ke5 35. Nf3+ Kd6 36. Rb1 Kc5 37. Nd2 Bc2 38. Rb2 Rd3+ 39. Ke2 Rc3 40. h4
Bf5 41. Kf2 Ra3 42. h5 Rd3 43. Nf3 Rd1 44. Nh4 Rd4 45. g3 Rxc4 46. Nxf5 exf5
47. Re2 Kd6 48. Re8 Rc2+ 49. Kg1 Rc7 50. Kg2 Rg7 51. Rh8 Rxg5 52. Rxh7 f4 53.
Rh6+ Kc5 54. Rg6 Rf5 55. g4 f3+ 56. Kf2 Rf8 57. h6 a5 58. h7 Rh8 59. Rg7 Kd5
60. g5 1-0

[Event "CAN-ch Univeristies"]
[Site "Ottawa CAN"]
[Date "2023.01.29"]
[Round "4"]
[White "Li, Yi Lin"]
[Black "Nunez-Painchaud, Raphael"]
[Result "0-1"]
[WhiteElo "2116"]
[BlackElo "2237"]
[PlyCount "66"]
[EventDate "2023.01.27"]
[EventType "swiss"]
[EventRounds "5"]
[EventCountry "CAN"]

1. e4 c5 2. Nf3 d6 3. d4 cxd4 4. Nxd4 Nf6 5. Nc3 a6 6. Bg5 e6 7. f4 Qb6 8. a3
Nc6 9. Nb3 Be7 10. Be2 O-O 11. Qd3 Rd8 12. O-O-O Qc7 13. Nd4 Bd7 14. Rhf1 Nxd4
15. Qxd4 Bc6 16. Qe3 h6 17. e5 dxe5 18. fxe5 Ng4 19. Bxg4 Bxg5 20. Rf4 Rxd1+
21. Bxd1 Bxg2 22. Kb1 Rd8 23. Qf2 Bxf4 24. Qxf4 b5 25. Qg3 Be4 26. Qg4 Bf5 27.
Qe2 Qc5 28. Qe1 a5 29. Na2 b4 30. axb4 axb4 31. Nxb4 Ra8 32. Bf3 Ra4 33. Nd3
Qa7 0-1

[Event "CAN-ch Univeristies"]
[Site "Ottawa CAN"]
[Date "2023.01.29"]
[Round "4"]
[White "Ramesh, Sanjay"]
[Black "Tinica, Gabriel"]
[Result "0-1"]
[WhiteElo "2050"]
[BlackElo "2046"]
[PlyCount "84"]
[EventDate "2023.01.27"]
[EventType "swiss"]
[EventRounds "5"]
[EventCountry "CAN"]

1. d4 Nf6 2. c4 g6 3. Nc3 Bg7 4. e4 d6 5. Be2 O-O 6. Bg5 h6 7. Bf4 Nc6 8. Qd2
Nxd4 9. Qxd4 e5 10. Bxe5 dxe5 11. Qe3 Qd4 12. Qd3 c6 13. Rd1 Qxd3 14. Bxd3 Be6
15. Nge2 Nd7 16. Nc1 Nc5 17. Be2 a5 18. Nd3 Nxd3+ 19. Bxd3 Rfd8 20. b3 Bf8 21.
Na4 Rd4 22. Ke2 Rad8 23. Bc2 f5 24. Rxd4 Rxd4 25. Rd1 Rxd1 26. Bxd1 Kf7 27. Kd3
Bb4 28. Nc3 Bc5 29. f3 Kf6 30. Be2 Bg1 31. h3 Kg5 32. Bf1 Bc5 33. Ne2 f4 34.
Nc3 Kh4 35. Ke2 g5 36. Nd1 Kg3 37. Nb2 Bd4 38. Nd3 h5 39. a3 g4 40. hxg4 hxg4
41. fxg4 Bxg4+ 42. Kd2 f3 0-1

[Event "CAN-ch Univeristies"]
[Site "Ottawa CAN"]
[Date "2023.01.29"]
[Round "4"]
[White "Zhang, Hou Han"]
[Black "Qian, Lanting"]
[Result "1/2-1/2"]
[WhiteElo "1776"]
[BlackElo "1961"]
[PlyCount "196"]
[EventDate "2023.01.27"]
[EventType "swiss"]
[EventRounds "5"]
[EventCountry "CAN"]

1. Nf3 Nf6 2. g3 d5 3. Bg2 Bf5 4. O-O e6 5. c4 c6 6. d3 Nbd7 7. cxd5 exd5 8.
Be3 Be7 9. Qb3 Qc7 10. Nc3 Ng4 11. Bd4 O-O 12. Rac1 Be6 13. Nxd5 Bxd5 14. Qxd5
Ngf6 15. Qb3 Rad8 16. Rfd1 Rfe8 17. Ng5 Rf8 18. Ne4 Nxe4 19. Bxe4 Bf6 20. Bxf6
Nxf6 21. Bf3 Qb6 22. Qxb6 axb6 23. d4 Rfe8 24. e3 g5 25. h3 h5 26. g4 hxg4 27.
hxg4 Kg7 28. Kg2 Ra8 29. a3 Ra5 30. d5 cxd5 31. Rc7 Rb8 32. Rdc1 Ra4 33. Kg3 d4
34. Bd1 Ra5 35. exd4 Rd5 36. Bb3 Rxd4 37. Rxf7+ Kg6 38. f3 Rd3 39. Ba2 Ne4+ 40.
Kg2 Rd2+ 41. Kg1 Rh8 42. fxe4 Rhh2 43. Rcc7 Rdg2+ 44. Kf1 Rxb2 45. Rg7+ Kf6 46.
Rcf7+ Ke5 47. Rxg5+ Kd4 48. Rh5 Rhc2 49. Rd7+ Ke3 50. Rh3+ Kf4 51. Rf7+ Ke5 52.
Re3 Rxa2 53. g5 Rh2 54. Kg1 Rag2+ 55. Kf1 Ra2 56. Kg1 Rag2+ 57. Kf1 Rb2 58. Kg1
Rbg2+ 59. Kf1 Rb2 60. Kg1 Rbg2+ 61. Kf1 Rc2 62. Kg1 Rhg2+ 63. Kf1 Rxg5 64. Rf5+
Rxf5+ 65. exf5+ Kxf5 66. Re7 Rb2 67. Rxb7 Ke4 68. Ke1 Kd3 69. Rd7+ Kc3 70. Rb7
Rb1+ 71. Ke2 Rb2+ 72. Kd1 Rb1+ 73. Ke2 Rb2+ 74. Kd1 Rd2+ 75. Kc1 Rh2 76. Kb1
Rh1+ 77. Ka2 Rh2+ 78. Kb1 Rh1+ 79. Ka2 Rh2+ 80. Kb1 Rh6 81. Ka2 Kc4 82. Rc7+
Kb5 83. Kb3 Rh3+ 84. Rc3 Rh1 85. Rg3 Rb1+ 86. Ka2 Rc1 87. Kb2 Rc5 88. Kb3 Ka5
89. Rg4 Rh5 90. Rb4 b5 91. Rg4 Rh3+ 92. Kb2 Rf3 93. Rh4 Rf8 94. Kb3 Rc8 95. Rh3
Rc4 96. Rg3 Rc1 97. Kb2 Rh1 98. Kb3 Rh4 1/2-1/2

[Event "CAN-ch Univeristies"]
[Site "Ottawa CAN"]
[Date "2023.01.29"]
[Round "4"]
[White "Zhao, Ian"]
[Black "Li, Yunshan"]
[Result "1/2-1/2"]
[WhiteElo "2400"]
[BlackElo "2401"]
[PlyCount "82"]
[EventDate "2023.01.27"]
[EventType "swiss"]
[EventRounds "5"]
[EventCountry "CAN"]

1. e4 c6 2. d4 d5 3. Nc3 dxe4 4. Nxe4 Nf6 5. Nxf6+ exf6 6. c3 Bd6 7. Bd3 O-O 8.
Ne2 Qc7 9. Qc2 h5 10. Be3 Be6 11. c4 Re8 12. O-O-O Nd7 13. Kb1 Nf8 14. h3 h4
15. Rdg1 Qd7 16. g3 Ng6 17. gxh4 Nxh4 18. Nc3 Bf5 19. Ne4 Bxe4 20. Bxe4 f5 21.
Bd3 Be7 22. Rxg7+ Kxg7 23. Rg1+ Ng6 24. Bxf5 Qd6 25. c5 Qf6 26. Bf4 Kh8 27.
Rxg6 fxg6 28. Be5 gxf5 29. Qxf5 Kg7 30. Qd7 Rab8 31. Bxf6+ Kxf6 32. h4 Red8 33.
Qg4 Rg8 34. Qf4+ Ke6 35. Qe5+ Kd7 36. Qf5+ Kc7 37. Qe5+ Kd7 38. Qf5+ Kc7 39.
Qe5+ Kd7 40. Qf5+ Ke8 41. h5 Rd8 1/2-1/2

[Event "CAN-ch Univeristies"]
[Site "Ottawa CAN"]
[Date "2023.01.29"]
[Round "4"]
[White "Zomorrodian, Eilia"]
[Black "Chen, Richard"]
[Result "1/2-1/2"]
[WhiteElo "2259"]
[BlackElo "2344"]
[PlyCount "94"]
[EventDate "2023.01.27"]
[EventType "swiss"]
[EventRounds "5"]
[EventCountry "CAN"]

1. Nf3 d5 2. g3 g6 3. Bg2 Bg7 4. O-O e5 5. d3 Ne7 6. e4 O-O 7. Nc3 dxe4 8. Nxe4
Nbc6 9. Re1 b6 10. Bg5 f6 11. Bd2 Rb8 12. Qc1 Nf5 13. h4 Nfd4 14. Nh2 Qd7 15.
c3 Ne6 16. Qc2 Ba6 17. Qa4 Bb7 18. Rad1 Kh8 19. d4 exd4 20. cxd4 Nexd4 21. Bc3
Rbd8 22. Nf3 Nxf3+ 23. Bxf3 Qf5 24. Rxd8 Nxd8 25. Bg2 a5 26. Qc4 Bc6 27. a4 Qd5
28. Qxd5 Bxd5 29. Nxf6 Bxg2 30. Kxg2 Bxf6 31. Bxf6+ Rxf6 32. Re8+ Kg7 33. Rxd8
Rc6 34. Rd3 Kf6 35. Kf3 h5 36. Re3 Rc4 37. b3 Rb4 38. Ke2 c5 39. Rc3 Ke5 40.
Kd3 Kd5 41. Kc2 c4 42. bxc4+ Rxc4 43. Kb3 Rxc3+ 44. Kxc3 Ke4 45. Kd2 Kf3 46.
Ke1 b5 47. axb5 a4 1/2-1/2

[Event "CAN-ch Univeristies"]
[Site "Ottawa CAN"]
[Date "2023.01.29"]
[Round "5"]
[White "Chen, Richard"]
[Black "Tinica, Gabriel"]
[Result "1/2-1/2"]
[WhiteElo "2344"]
[BlackElo "2046"]
[PlyCount "50"]
[EventDate "2023.01.27"]
[EventType "swiss"]
[EventRounds "5"]
[EventCountry "CAN"]

1. e4 c5 2. Nf3 Nc6 3. Bb5 Nf6 4. Nc3 g6 5. e5 Ng4 6. Bxc6 dxc6 7. h3 Nh6 8. g4
Bg7 9. d3 O-O 10. Be3 f6 11. Bxc5 fxe5 12. Ng5 Nf7 13. Nge4 Nd6 14. Be3 Be6 15.
Qe2 Qa5 16. Bd2 Nxe4 17. Nxe4 Qb5 18. b3 Qb6 19. c4 Rad8 20. Bc3 Rf4 21. O-O-O
Qa6 22. Kb1 Qb6 23. Rhf1 Bc8 24. f3 Qc7 25. Rfe1 b6 1/2-1/2

[Event "CAN-ch Univeristies"]
[Site "Ottawa CAN"]
[Date "2023.01.29"]
[Round "5"]
[White "Peterson, Caleb"]
[Black "Hakim, Bassel"]
[Result "1/2-1/2"]
[WhiteElo "2081"]
[BlackElo "2068"]
[PlyCount "44"]
[EventDate "2023.01.27"]
[EventType "swiss"]
[EventRounds "5"]
[EventCountry "CAN"]

1. e4 d6 2. d4 g6 3. Nf3 Bg7 4. Bc4 Nf6 5. Nc3 c6 6. a4 O-O 7. O-O Nxe4 8. Nxe4
d5 9. Bd3 dxe4 10. Bxe4 Nd7 11. c3 Qc7 12. Bg5 h6 13. Bh4 f5 14. Bd3 e5 15. Be7
Re8 16. Ba3 Kh7 17. Qb3 e4 18. Qf7 Qd8 19. Rfe1 Rh8 20. Bxe4 fxe4 21. Rxe4 Qg8
22. Qf4 Nf6 1/2-1/2

[Event "CAN-ch Univeristies"]
[Site "Ottawa CAN"]
[Date "2023.01.29"]
[Round "5"]
[White "Qian, Lanting"]
[Black "Capello, Jordan"]
[Result "0-1"]
[WhiteElo "1961"]
[BlackElo "1856"]
[PlyCount "54"]
[EventDate "2023.01.27"]
[EventType "swiss"]
[EventRounds "5"]
[EventCountry "CAN"]

1. e4 e5 2. Nf3 Nf6 3. Nc3 Nc6 4. d4 exd4 5. Nxd4 Be7 6. Be3 O-O 7. Bb5 a6 8.
Bxc6 dxc6 9. O-O Ng4 10. Bf4 Bc5 11. Nb3 Qf6 12. Bg3 Bb6 13. a4 Be6 14. a5 Ba7
15. Qf3 Qg5 16. Bxc7 f5 17. Bb6 Bb8 18. g3 Qh5 19. Qg2 f4 20. h3 Ne5 21. g4
Nxg4 22. hxg4 Bxg4 23. f3 Bh3 24. Qh2 Rf6 25. Kh1 Rh6 26. Rg1 Qxf3+ 27. Rg2
Bxg2+ 0-1

[Event "CAN-ch Univeristies"]
[Site "Ottawa CAN"]
[Date "2023.01.29"]
[Round "5"]
[White "Tran, Dennis"]
[Black "Li, Yi Lin"]
[Result "1/2-1/2"]
[WhiteElo "1814"]
[BlackElo "2116"]
[PlyCount "43"]
[EventDate "2023.01.27"]
[EventType "swiss"]
[EventRounds "5"]
[EventCountry "CAN"]

1. e4 c5 2. Nf3 d6 3. d4 cxd4 4. Nxd4 Nf6 5. Nc3 a6 6. Be2 e6 7. Be3 Be7 8. g4
Qc7 9. g5 Nfd7 10. Qd2 b5 11. a3 Ne5 12. f4 Nc4 13. Bxc4 Qxc4 14. Rf1 Nd7 15.
O-O-O Rb8 16. f5 Ne5 17. f6 gxf6 18. gxf6 Bf8 19. Bf4 b4 20. axb4 Qxb4 21. Nb3
Nc4 22. Qe2 1/2-1/2

[Event "CAN-ch Univeristies"]
[Site "Ottawa CAN"]
[Date "2023.01.28"]
[Round "5"]
[White "Zhang, Hou Han"]
[Black "Li, William"]
[Result "1-0"]
[WhiteElo "1776"]
[BlackElo "2275"]
[PlyCount "65"]
[EventDate "2023.01.27"]
[EventType "swiss"]
[EventRounds "5"]
[EventCountry "CAN"]

1. Nf3 c5 2. g3 Nc6 3. Bg2 g6 4. O-O Bg7 5. c4 e5 6. Nc3 Nge7 7. d3 O-O 8. a3
d6 9. Rb1 a5 10. Bg5 f6 11. Bd2 Be6 12. Nb5 d5 13. cxd5 Nxd5 14. Nc3 Rb8 15.
Qa4 Qd7 16. Nxd5 Bxd5 17. Rfc1 b5 18. Qd1 c4 19. e4 Be6 20. dxc4 Bxc4 21. Qe1
a4 22. Bc3 Rfd8 23. Rd1 Qa7 24. Rxd8+ Rxd8 25. Rd1 Nd4 26. Nxd4 exd4 27. Qd2 d3
28. Qf4 Qc5 29. Rd2 f5 30. Bxg7 Kxg7 31. exf5 Qxf5 32. Qxf5 gxf5 33. f4 1-0

[Event "CAN-ch Univeristies"]
[Site "Ottawa CAN"]
[Date "2023.01.29"]
[Round "5"]
[White "Zhao, Yue Tong"]
[Black "Ramesh, Sanjay"]
[Result "1-0"]
[WhiteElo "2066"]
[BlackElo "2050"]
[PlyCount "46"]
[EventDate "2023.01.27"]
[EventType "swiss"]
[EventRounds "5"]
[EventCountry "CAN"]

1. e4 c6 2. d4 d5 3. f3 dxe4 4. fxe4 e5 5. Nf3 exd4 6. Bc4 Be7 7. O-O Nf6 8.
Ng5 O-O 9. Nxf7 Rxf7 10. Bxf7+ Kxf7 11. e5 Kg8 12. exf6 Bxf6 13. Qe2 Nd7 14.
Bf4 Nf8 15. Nd2 Bf5 16. Ne4 Be7 17. Be5 Bg6 18. Rad1 Ne6 19. Bxd4 Nxd4 20. Qc4+
Qd5 21. Rxd4 Qxc4 22. Rxc4 b5 23. Rd4 Bd8 1-0

[Event "CAN-ch Univeristies Reserves"]
[Site "Ottawa CAN"]
[Date "2023.01.28"]
[Round "1"]
[White "Engel, Ethan"]
[Black "Miao, Grace"]
[Result "1-0"]
[WhiteElo "1806"]
[BlackElo "1171"]
[PlyCount "75"]
[EventDate "2023.01.27"]
[EventType "swiss"]
[EventRounds "5"]
[EventCountry "CAN"]

1. d4 d5 2. c4 e6 3. Nc3 Nf6 4. Bg5 Be7 5. cxd5 exd5 6. e3 O-O 7. Bd3 h6 8. Bh4
Be6 9. Nf3 Nbd7 10. O-O Re8 11. h3 b6 12. Bb5 a6 13. Bc6 Ra7 14. Ne5 Nh7 15.
Bxe7 Rxe7 16. Bxd7 Bxd7 17. Nxd5 Re8 18. Nf4 Nf6 19. Rc1 Qe7 20. Qb3 Be6 21.
Qc2 Qd6 22. a3 Rc8 23. Qc6 Qe7 24. Nxe6 fxe6 25. Rc2 Rd8 26. Rfc1 Nd7 27. Qe4
Nxe5 28. Qxe5 Rd7 29. Rc6 Rd6 30. Qe4 b5 31. d5 e5 32. R1c5 Rd7 33. b4 Qg5 34.
Qc2 Qe7 35. Re6 Qg5 36. Qe4 Re7 37. Rcc6 Ra8 38. h4 1-0

[Event "CAN-ch Univeristies Reserves"]
[Site "Ottawa CAN"]
[Date "2023.01.28"]
[Round "2"]
[White "Lowrance, Brian"]
[Black "Engel, Ethan"]
[Result "1-0"]
[WhiteElo "1418"]
[BlackElo "1806"]
[PlyCount "123"]
[EventDate "2023.01.27"]
[EventType "swiss"]
[EventRounds "5"]
[EventCountry "CAN"]

1. e4 c6 2. d4 d5 3. f3 e6 4. Nc3 Bb4 5. Bd3 dxe4 6. Bxe4 Nf6 7. Bg5 Qa5 8. Qd2
Nd5 9. Nge2 Nd7 10. O-O N7b6 11. Bxd5 cxd5 12. Qd3 Nc4 13. b3 Nd6 14. a3 Bxc3
15. Qxc3 Qxc3 16. Nxc3 Bd7 17. Rfe1 Rc8 18. Nxd5 h6 19. Bf4 Bc6 20. Bxd6 Bxd5
21. c4 Rd8 22. Be5 f6 23. Bxf6 gxf6 24. cxd5 Rxd5 25. Rxe6+ Kf7 26. Re4 Rc8 27.
Rae1 Rd7 28. Kf2 Rc3 29. R1e3 Rc2+ 30. Kg3 Rd2 31. Rh4 Rd5 32. Rxh6 Rg5+ 33.
Kf4 Kg7 34. Rh4 Rxd4+ 35. Re4 Rxe4+ 36. Kxe4 Rc5 37. Kd3 b6 38. Rc4 Rb5 39. b4
a5 40. h3 Kg6 41. Rg4+ Kf7 42. Kc4 Re5 43. Re4 Rg5 44. g4 axb4 45. axb4 b5+ 46.
Kd4 Rg8 47. h4 Rc8 48. Kd5 Rc1 49. h5 Kg7 50. Ke6 Rc6+ 51. Kf5 Rd6 52. Re7+ Kh6
53. Re6 Rd3 54. Rxf6+ Kg7 55. Kg5 Rd4 56. Rf4 Rd6 57. Rf5 Rb6 58. Kf4 Rb7 59.
g5 Kh7 60. g6+ Kg8 61. h6 Rc7 62. Rxb5 1-0

[Event "CAN-ch Univeristies Reserves"]
[Site "Ottawa CAN"]
[Date "2023.01.28"]
[Round "3"]
[White "Mullur, Neerav"]
[Black "Lowrance, Brian"]
[Result "1/2-1/2"]
[WhiteElo "1719"]
[BlackElo "1418"]
[PlyCount "75"]
[EventDate "2023.01.27"]
[EventType "swiss"]
[EventRounds "5"]
[EventCountry "CAN"]

1. e4 c5 2. c3 d5 3. exd5 Qxd5 4. d4 cxd4 5. Nf3 Bg4 6. Be2 Nc6 7. cxd4 e6 8.
Nc3 Bb4 9. O-O Qa5 10. Ne4 Rd8 11. Be3 Bf5 12. Ng3 Nge7 13. a3 Bd6 14. b4 Qd5
15. Rc1 Bxg3 16. hxg3 a6 17. Bc4 Qd7 18. Ne5 Nxe5 19. dxe5 Qxd1 20. Rfxd1 Rxd1+
21. Rxd1 Nc6 22. f4 Be4 23. Bb6 O-O 24. Rd7 Nb8 25. Re7 Rc8 26. Rc7 Rxc7 27.
Bxc7 Nc6 28. Bb6 Kf8 29. Bc5+ Ke8 30. Kf2 h5 31. Be2 g6 32. g4 hxg4 33. Bxg4
Ne7 34. Be2 Nd5 35. g3 Nc3 36. Bf1 Bc2 37. Bg2 Be4 38. Bd4 1/2-1/2

[Event "CAN-ch Univeristies Reserves"]
[Site "Ottawa CAN"]
[Date "2023.01.29"]
[Round "4"]
[White "Shah, Mustafa"]
[Black "Carbert, Evan"]
[Result "1-0"]
[WhiteElo "1469"]
[BlackElo "1339"]
[PlyCount "109"]
[EventDate "2023.01.27"]
[EventType "swiss"]
[EventRounds "5"]
[EventCountry "CAN"]

1. d4 Nf6 2. Nf3 d5 3. Bf4 Bg4 4. Nbd2 e6 5. h3 Bxf3 6. Nxf3 c5 7. c3 Nc6 8. e3
cxd4 9. exd4 Be7 10. Bd3 O-O 11. O-O Re8 12. Re1 Rc8 13. Ne5 Bd6 14. a3 Qc7 15.
Nxc6 Qxc6 16. Bxd6 Qxd6 17. Qd2 Nd7 18. Re2 Nb6 19. Rae1 Nc4 20. Bxc4 Rxc4 21.
Qg5 Qd8 22. Qg3 Rc8 23. f4 Qd6 24. Qf3 g6 25. h4 h5 26. g4 hxg4 27. Qxg4 Re7
28. Re5 Rce8 29. Rh5 f5 30. Qg5 Rg7 31. Rh6 Ree7 32. Kh1 Rh7 33. Rxg6+ Reg7 34.
Rexe6 Qxe6 35. Qd8+ Kf7 36. Rxe6 Kxe6 37. Kh2 Rd7 38. Qe8+ Kf6 39. Qe5+ Kf7 40.
Qxf5+ Kg8 41. Qe6+ Kf8 42. Kh3 Rhe7 43. Qf6+ Rf7 44. Qh8+ Ke7 45. Qe5+ Kf8 46.
f5 Rfe7 47. Qf6+ Kg8 48. Qg6+ Rg7 49. Qe6+ Kh8 50. f6 Rgf7 51. Kg4 Kh7 52. Kg5
Kg8 53. h5 Kh7 54. h6 Kh8 55. Kg6 1-0

[Event "CAN-ch Univeristies Reserves"]
[Site "Ottawa CAN"]
[Date "2023.01.29"]
[Round "5"]
[White "Shah, Mustafa"]
[Black "Cauchy-Vaillancourt, Marek"]
[Result "0-1"]
[WhiteElo "1469"]
[BlackElo "1062"]
[PlyCount "119"]
[EventDate "2023.01.27"]
[EventType "swiss"]
[EventRounds "5"]
[EventCountry "CAN"]

1. d4 Nf6 2. Nf3 e6 3. Bf4 c5 4. c3 d5 5. h3 Bd6 6. Ne5 Nc6 7. Nxc6 bxc6 8.
Bxd6 Qxd6 9. e3 O-O 10. Nd2 cxd4 11. exd4 e5 12. dxe5 Qxe5+ 13. Be2 Re8 14. Nf3
Qe4 15. Kf1 Rb8 16. Bd3 Qf4 17. Rb1 Ne4 18. g3 Nxg3+ 19. fxg3 Qxg3 20. Be2
Bxh3+ 21. Rxh3 Qxh3+ 22. Kf2 Re6 23. Qg1 Rbe8 24. Re1 Rf6 25. Qg3 Qe6 26. a3
Qe3+ 27. Kf1 Rh6 28. Qg2 Rg6 29. Qf2 Qxf2+ 30. Kxf2 c5 31. Bb5 Rxe1 32. Nxe1
Rb6 33. Bd7 Rxb2+ 34. Ke3 Rb3 35. Kd2 Rxa3 36. Nd3 d4 37. cxd4 cxd4 38. Nb4 a5
39. Nc2 Rg3 40. Nxd4 g6 41. Ne2 Rg2 42. Bc6 Rh2 43. Ke3 f5 44. Kf3 Kg7 45. Nf4
Ra2 46. Ne6+ Kf6 47. Nd4 g5 48. Ne2 h5 49. Bd5 Ra3+ 50. Kf2 h4 51. Ng1 g4 52.
Kg2 Kg5 53. Kh2 Ra1 54. Kg2 h3+ 55. Nxh3+ gxh3+ 56. Kxh3 a4 57. Kg3 a3 58. Kf2
Rb1 59. Ke2 a2 60. Bf3 0-1

[Event "CAN-ch w"]
[Site "Toronto CAN"]
[Date "2023.04.06"]
[Round "1.1"]
[White "Fiset, Anais Chloe"]
[Black "Demchenko, Svitlana"]
[Result "0-1"]
[WhiteElo "1634"]
[BlackElo "2320"]
[PlyCount "63"]
[EventDate "2023.04.06"]
[EventType "swiss"]
[EventRounds "9"]
[EventCountry "CAN"]

1. e4 g6 2. d4 Bg7 3. Nf3 d6 4. Bd3 Nc6 5. c3 e5 6. h3 Nf6 7. O-O O-O 8. Re1
Nh5 9. Bc2 Bd7 10. Be3 h6 11. Qd2 g5 12. Na3 Qe7 13. Rad1 Rfd8 14. Kh2 Nf4 15.
Ng1 Qf6 16. Ne2 Ne7 17. Ng3 Qg6 18. Nc4 Be6 19. d5 Bd7 20. b4 h5 21. Nb2 g4 22.
Bxf4 exf4 23. Ne2 Be5 24. Nxf4 Qg7 25. Qe3 Ng6 26. Nbd3 Bxc3 27. Nxh5 Qh8 28.
Qg5 Bxe1 29. Rxe1 Kf8 30. hxg4 Ne5 31. f4 Bxg4 32. fxe5 0-1

[Event "CAN-ch w"]
[Site "Toronto CAN"]
[Date "2023.04.06"]
[Round "1.2"]
[White "Chen, Rachel Ruoxuan"]
[Black "Yang, Jing Yao"]
[Result "1/2-1/2"]
[WhiteElo "1975"]
[BlackElo "1606"]
[PlyCount "53"]
[EventDate "2023.04.06"]
[EventType "swiss"]
[EventRounds "9"]
[EventCountry "CAN"]

1. e4 e5 2. Nf3 Nc6 3. Bc4 Bc5 4. c3 Nf6 5. d3 d6 6. O-O a5 7. Re1 O-O 8. h3 h6
9. Nbd2 Be6 10. Bb5 Ne7 11. d4 exd4 12. cxd4 Ba7 13. Bd3 d5 14. e5 Nd7 15. Nf1
c5 16. Ng3 cxd4 17. Bb1 Ng6 18. Bxg6 fxg6 19. Nxd4 Bxh3 20. Nf3 Be6 21. Be3
Bxe3 22. Rxe3 Nc5 23. Rc1 Rc8 24. Nd4 Qd7 25. Qd2 b6 26. Rd1 Rcd8 27. Nb3
1/2-1/2

[Event "CAN-ch w"]
[Site "Toronto CAN"]
[Date "2023.04.06"]
[Round "1.3"]
[White "Zhao, Erin"]
[Black "Hua, Michelle"]
[Result "1-0"]
[WhiteElo "1559"]
[BlackElo "1942"]
[PlyCount "89"]
[EventDate "2023.04.06"]
[EventType "swiss"]
[EventRounds "9"]
[EventCountry "CAN"]

1. e4 c5 2. Nf3 d6 3. d4 cxd4 4. Nxd4 Nf6 5. Nc3 g6 6. Be2 Bg7 7. O-O O-O 8.
Be3 Nc6 9. f3 d5 10. exd5 Nxd5 11. Nxd5 Qxd5 12. Nxc6 Qxc6 13. c3 Bf5 14. Qb3
Qc7 15. Bf2 Be5 16. g3 Bh3 17. Rfe1 h5 18. Qc4 Qxc4 19. Bxc4 Bf6 20. Rad1 Kg7
21. Bd4 Rfd8 22. Rxe7 Bxd4+ 23. Rxd4 Rxd4 24. cxd4 Rc8 25. Rxf7+ Kh6 26. b3 b5
27. Bxb5 Rc2 28. a4 Rg2+ 29. Kf1 Rxg3+ 30. Ke2 Rg2+ 31. Ke3 Be6 32. Rxa7 Rxh2
33. Bc4 Bf5 34. d5 Rh1 35. Bd3 Bxd3 36. Kxd3 Rd1+ 37. Ke4 h4 38. Ra8 Kg5 39.
Rh8 Re1+ 40. Kd3 Rd1+ 41. Kc4 Rc1+ 42. Kb4 Rd1 43. Kc5 Rd3 44. d6 Rxf3 45. d7
1-0

[Event "CAN-ch w"]
[Site "Toronto CAN"]
[Date "2023.04.06"]
[Round "1.4"]
[White "D'Souza, Carina"]
[Black "Ambilwade, Ojal"]
[Result "1-0"]
[WhiteElo "1901"]
[BlackElo "1535"]
[PlyCount "77"]
[EventDate "2023.04.06"]
[EventType "swiss"]
[EventRounds "9"]
[EventCountry "CAN"]

1. a3 Nf6 2. Nf3 e6 3. g3 d5 4. Bg2 c5 5. O-O Bd6 6. d3 O-O 7. Nbd2 Nbd7 8. e4
d4 9. Nc4 Bc7 10. a4 h6 11. Bd2 Rb8 12. b4 b6 13. b5 a5 14. Ne1 Bb7 15. f4 Re8
16. g4 Nh7 17. Nf3 Ndf8 18. Qe1 f5 19. gxf5 exf5 20. e5 Ng6 21. Bh3 Qd7 22. Qg3
Qf7 23. Bxa5 Bxf3 24. Bxb6 Bh5 25. Bxc5 Re6 26. Bg2 Ne7 27. Bxd4 Rg6 28. Qf2
Bg4 29. Kh1 Nd5 30. Rfb1 Bb6 31. Bxb6 Nxb6 32. Nd6 Qc7 33. a5 Nc8 34. b6 Qd7
35. a6 Nxd6 36. exd6 Qxd6 37. a7 Ra8 38. Bxa8 Bh3 39. Bf3 1-0

[Event "CAN-ch w"]
[Site "Toronto CAN"]
[Date "2023.04.06"]
[Round "1.6"]
[White "Ruchinskaya, Valerie"]
[Black "Guan, Isabelle"]
[Result "1/2-1/2"]
[WhiteElo "1875"]
[BlackElo "1221"]
[PlyCount "81"]
[EventDate "2023.04.06"]
[EventType "swiss"]
[EventRounds "9"]
[EventCountry "CAN"]

1. d4 Nf6 2. Bf4 e6 3. e3 b6 4. Nf3 Bb7 5. Bd3 g6 6. Nbd2 Bg7 7. O-O d6 8. h3
Nbd7 9. a4 a5 10. c3 Qe7 11. Qc2 O-O 12. Bg5 e5 13. dxe5 Nxe5 14. Be2 Qe6 15.
Nxe5 Qxe5 16. Bf4 Qe6 17. Rad1 Rad8 18. Bf3 Ba6 19. Rfe1 Rfe8 20. Nb3 c5 21.
Rd2 Bc4 22. Nc1 d5 23. Red1 Ba6 24. Ne2 Rd7 25. Bg5 Bxe2 26. Bxe2 Ne4 27. Bb5
Nxd2 28. Rxd2 h6 29. Bh4 Be5 30. Bxd7 Qxd7 31. Qb3 g5 32. Bg3 Bxg3 33. fxg3
Rxe3 34. Qxb6 Qf5 35. Qxh6 Re1+ 36. Kh2 Qf1 37. Qxg5+ Kf8 38. Qd8+ Kg7 39. Qg5+
Kf8 40. Qd8+ Kg7 41. Qg5+ 1/2-1/2

[Event "CAN-ch w"]
[Site "Toronto CAN"]
[Date "2023.04.06"]
[Round "1.7"]
[White "Guan, Marie"]
[Black "Jiang, Hancy"]
[Result "0-1"]
[WhiteElo "1083"]
[BlackElo "1803"]
[PlyCount "100"]
[EventDate "2023.04.06"]
[EventType "swiss"]
[EventRounds "9"]
[EventCountry "CAN"]

1. e4 c6 2. d4 d5 3. e5 Bf5 4. h4 h6 5. Nf3 e6 6. c4 Ne7 7. Nc3 Nd7 8. Be3 Rc8
9. Qb3 Qb6 10. c5 Qc7 11. Bb5 b6 12. O-O bxc5 13. dxc5 Ng6 14. Ba4 Bxc5 15. Nd4
Bxd4 16. Bxd4 O-O 17. f3 Ngxe5 18. Qd1 c5 19. Nb5 Qb6 20. Bf2 Bd3 21. b4 Bxb5
22. bxc5 Nxc5 23. Rb1 Bxa4 24. Qd4 Qd6 25. Bg3 f6 26. Qb4 Rb8 27. Qa3 Rfc8 28.
Bf2 Rxb1 29. Rxb1 Nc4 30. Qb4 Bd7 31. Rd1 Qc7 32. g4 a5 33. Qc3 Qe5 34. Rd4 Na4
35. Qb3 Rb8 36. f4 Rxb3 37. fxe5 Rb1+ 38. Kg2 fxe5 39. Rd3 d4 40. Rb3 Nc3 41.
g5 Rxb3 42. axb3 Nd2 43. g6 Nxb3 44. h5 a4 45. Kh3 a3 46. Kh2 a2 47. Kh3 a1=Q
48. Bg1 Qxg1 49. Kh4 Ne4 50. Kh3 Qg3# 0-1